1100 1430 1529 1423 1523 1030 1030 1273 1583 1156 1700 1340 1449 1327 1669 1499 1730 1522 1023 1636 1657 1972 1308 1747 1867 1749 1265 1785 1795 1268 1495 1232 1698 1482 1698 1267 1785 1041 1484 1984 1692 1917 1821 1672 1814 1079 1708 1532 1066 1125 1132 1118 1632 1010 1950 1467 1726 1598 1085 1163 1209 1207 1554 1321 1754 1384 1839 1804 1664 1587 1808 1254 1437 1080 1121 1421 1486 1246 1367 1660 1013 1007 1547 1323 1626 1824 1964 1968 1930 1923 1291 1381 1972 1817 1194 1461 1520 1060 1280 BCNSPRNW ULIB Ver.6.0+V

เปลี่ยนเป็นภาษาไทย

Change to English
 แสดงรายละเอียดบรรณานุกรม
  กลับหน้าหลัก

Brief Record : Get Marc (ISO 2709) : E-mail record : QR code < ปิดหน้าต่าง
LEADER : 00000nam 2200000uu 4500
001    13399110725
003     ULIB
008    110608s2550||||th 000 0 tha d
020    9749252837
041 1  tha^heng
050  4 HD38.2^bก945ผ 2550
100 1  โกลแมน, แดเนียล
245 10 ผู้นำที่ยิ่งใหญ่--ฉลาดใช้ EQ =^bBest of HBR on leadership: emotionally intelligent leadership /^cโดย Daniel Goleman, Richard Boyatzis, and Annie McKee ; แปลและเรียบเรียงโดย ธนิกานต์ มาฆะศิรานนท์, นรินทร์ องค์อินทรี
246 14 Emotionally intelligent leadership
246 30 ผู้นำที่ยิ่งใหญ่...ฉลาดใช้ EQ =^bBest of HBR on leadership: emotionally intelligent leadership /
246 31 Best of HBR on leadership : emotionally intelligentleadership
250    พิมพ์ครั้งที่ 4
260    กรุงเทพฯ :^bเอ็กซเปอร์เน็ท,^c2550
300    148 หน้า ;^c21 ซม.
440  0 Harvard Business Review
500    ชื่อเรื่องภาษาอังกฤษที่ปก : Emotionally intelligentleadership
650  7 ผู้นำ
650  7 ความฉลาดทางอารมณ์
650  7 การบริหาร
700 0  ธนิกานต์ มาฆะศิรานนท์,^eผู้แปล
700 0  นรินทร์ องค์อินทรี,^eผู้แปล
700 1  โบยาต์ซิส, ริชาร์ด
700 1  แม็กกี, แอนนี
700 1  Goleman, Daniel.^tBest of HBR on leadership : emotionallyintelligent leadership
700 1  Boyatzis, Richard.^tBest of HBR on leadership :emotionally intelligent leadership
700 1  McKee, Annie.^tBest of HBR on leadership : emotionallyintelligent leadership
945    ^p180^l0^i18244
995    กัณชพร
999    ^aใช้งานได้ทุกระบบ
รายการนี้ยังไม่มีแท็ก
คุณยังไม่ได้ล็อกอิน คุณสามารถมีกิจกรรมร่วมกับเว็บไซต์ได้ แต่ต้องล็อกอินก่อน ::
  ล็อกอิน

รายการสื่อสารสนเทศ

ลำดับที่ ประเภท เลขเรียก/บาร์โค้ด สถานที่ สถานะ
- ไม่พบข้อมูล -

รายการใกล้เคียง
    ผู้แต่ง [โกลแมน, แดเนียล]

    หัวเรื่อง [ผู้นำ]
    หัวเรื่อง [ความฉลาดทางอารมณ์]
    หัวเรื่อง [การบริหาร]

BibComment


ยังไม่เคยถูกคอมเมนท์

คอมเมนท์ทรัพยากรรายการนี้
  คอมเมนท์: ผู้นำที่ยิ่งใหญ่ฉ..


 Copyright 2026. Bcnsprnw @Library